Music Quiz

Random Music Quiz

Song Lyric IV Quiz Stats

 Plays Quiz not verified by Sporcle

Challenge
Share
Tweet
Embed
Score 0/20 Timer 05:00
0 Plays Today
Lyric Song Name % Correct
'Just a small town girl'Don't Stop Believin'
73.7%
'Take me to them lardy ladies every time!'Fat Bottomed Girls
40.4%
'Meet a giant fish, f***k its brains out'Like A Boss
31.6%
'I've been a puppet, a pauper, a pirate, A poet, a pawn and a king.'That's Life
26.3%
GENATALIAAAAAAA!!!!!!!!!!!!!!!!!!Show Me Your Genitals
24.6%
'And promise you kid I'll give so much more than I get'Haven't Met You Yet
24.6%
'Riverside......'Riverside
22.8%
'Bye bye, baby, it's been a sweet love, yeah, yeah'Freebird
22.8%
'We had a fight on the promenade out in the rain'Jenny was a friend of mine
17.5%
'I've been to Southampton but i've never been to Scunthorpe'Pass Out
12.3%
Lyric Song Name % Correct
'I've got no time to lose, and I'm just caught up in all the cattle'Before I Forget
12.3%
'And I'll never talk to you again, unless your dad will suck me off'Happy Holidays You Bastard
10.5%
'Three fingers in the honeycomb, You ring just like a xylophone'Tell Me Baby
10.5%
'Stood a beautiful honey with a beautiful body'7 Days
8.8%
'Because I've got more bars than JD Wheatherspoons,'Game Over
7%
'Cause it would take a lot more time than you Have got for masturbation'Chinese Democracy
7%
'Can you hear me calling Out your name'Everywhere
7%
'Heaven knows how you lied to me, You're not the way you seemedYour The Devil In Disguise
5.3%
'Cause I'm a-breakin' through the walls of your nightmare.'Droppin' Plates
5.3%
'Tell them to quit it, the truth's already out there'World Wide Suicide
5.3%

You're not logged in!

Compare scores with friends on all Sporcle quizzes.
OR
Log In

You Might Also Like...

Show Comments

Extras

Created Mar 10, 2010ReportNominate

Top Quizzes Today


Score Distribution

Your Account Isn't Verified!

In order to create a playlist on Sporcle, you need to verify the email address you used during registration. Go to your Sporcle Settings to finish the process.

Report this User

Report this user for behavior that violates our Community Guidelines.

Details: